[Event "Najdorf Memorial"]
[Site "Warsaw POL"]
[Date "2021.07.13"]
[Round "4.11"]
[White "Piekielny, Pawel"]
[Black "Bebel, Arkadiusz"]
[Result "0-1"]
[WhiteElo "2150"]
[BlackElo "2306"]
[EventDate "2021.07.10"]
[PlyCount "112"]
[LiveChessVersion "1.4.8"]

1.e4 {[%clk 1:30:59]} 1...e6 {[%clk 1:30:53]} 2.d4 {[%clk 1:31:24]} 2...d5
{[%clk 1:31:18]} 3.Nd2 {[%clk 1:31:50]} 3...c5 {[%clk 1:31:41]} 4.exd5 {[%clk
1:32:12]} 4...Qxd5 {[%clk 1:31:47]} 5.Ngf3 {[%clk 1:32:23]} 5...cxd4 {[%clk
1:32:04]} 6.Bc4 {[%clk 1:32:47]} 6...Qd6 {[%clk 1:32:24]} 7.Qe2 {[%clk 1:33:00]}
7...Nf6 {[%clk 1:32:42]} 8.Nb3 {[%clk 1:33:24]} 8...Nc6 {[%clk 1:33:02]} 9.Bg5
{[%clk 1:33:36]} 9...a6 {[%clk 1:33:19]} 10.O-O-O {[%clk 1:30:09]} 10...b5
{[%clk 1:33:39]} 11.Bd3 {[%clk 1:30:32]} 11...Be7 {[%clk 1:33:31]} 12.Kb1
{[%clk 1:23:46]} 12...Bb7 {[%clk 1:27:59]} 13.Nbxd4 {[%clk 1:21:12]} 13...Nxd4
{[%clk 1:28:20]} 14.Nxd4 {[%clk 1:21:41]} 14...O-O {[%clk 1:28:31]} 15.Rhe1
{[%clk 1:01:40]} 15...Qxd4 {[%clk 1:27:49]} 16.Bxh7+ {[%clk 1:00:46]} 16...Nxh7
{[%clk 1:28:13]} 17.Rxd4 {[%clk 0:59:40]} 17...Bxg5 {[%clk 1:28:37]} 18.f4
{[%clk 0:59:42]} 18...Bf6 {[%clk 1:28:58]} 19.Rd3 {[%clk 0:57:02]} 19...Bd5
{[%clk 1:29:06]} 20.Rh3 {[%clk 0:55:09]} 20...g6 {[%clk 1:27:19]} 21.g4 {[%clk
0:54:42]} 21...Rfd8 {[%clk 1:21:35]} 22.Re3 {[%clk 0:36:23]} 22...Rd6 {[%clk
1:05:29]} 23.f5 {[%clk 0:34:46]} 23...Rad8 {[%clk 1:03:08]} 24.fxg6 {[%clk
0:33:52]} 24...fxg6 {[%clk 1:03:35]} 25.b3 {[%clk 0:27:38]} 25...b4 {[%clk
0:58:13]} 26.Rf1 {[%clk 0:24:58]} 26...Bg7 {[%clk 0:56:18]} 27.a3 {[%clk
0:23:04]} 27...a5 {[%clk 0:53:33]} 28.Rd3 {[%clk 0:23:14]} 28...Ng5 {[%clk
0:49:03]} 29.Rfd1 {[%clk 0:20:09]} 29...Ne4 {[%clk 0:48:11]} 30.Qxe4 {[%clk
0:20:21]} 30...Bxe4 {[%clk 0:48:34]} 31.Rxd6 {[%clk 0:20:48]} 31...Rxd6 {[%clk
0:48:22]} 32.Rxd6 {[%clk 0:21:18]} 32...bxa3 {[%clk 0:47:25]} 33.Rxe6 {[%clk
0:21:00]} 33...Bxc2+ {[%clk 0:46:22]} 34.Ka2 {[%clk 0:20:32]} 34...Bf8 {[%clk
0:46:11]} 35.Ra6 {[%clk 0:18:02]} 35...Bb4 {[%clk 0:46:08]} 36.h4 {[%clk
0:16:41]} 36...Be4 {[%clk 0:43:03]} 37.h5 {[%clk 0:10:31]} 37...gxh5 {[%clk
0:42:00]} 38.gxh5 {[%clk 0:10:15]} 38...Kh7 {[%clk 0:41:50]} 39.Rb6 {[%clk
0:07:06]} 39...Bf3 {[%clk 0:41:36]} 40.h6 {[%clk 0:37:22]} 40...Be4 {[%clk
1:11:43]} 41.Ra6 {[%clk 0:36:53]} 41...Bg6 {[%clk 1:08:49]} 42.Rb6 {[%clk
0:37:08]} 42...Kxh6 {[%clk 1:09:07]} 43.Rb5 {[%clk 0:36:09]} 43...Bf7 {[%clk
1:08:51]} 44.Rb7 {[%clk 0:36:22]} 44...Kg6 {[%clk 1:09:11]} 45.Rb5 {[%clk
0:34:11]} 45...Kf6 {[%clk 1:09:33]} 46.Rb6+ {[%clk 0:33:58]} 46...Ke5 {[%clk
1:09:50]} 47.Rb8 {[%clk 0:31:52]} 47...Bd5 {[%clk 1:09:39]} 48.Rb6 {[%clk
0:31:49]} 48...Kd4 {[%clk 1:09:03]} 49.Rb8 {[%clk 0:31:57]} 49...Bc5 {[%clk
1:08:06]} 50.Rh8 {[%clk 0:27:34]} 50...a4 {[%clk 1:07:58]} 51.Rh4+ {[%clk
0:27:57]} 51...Kc3 {[%clk 1:08:22]} 52.Rh3+ {[%clk 0:26:52]} 52...Kc2 {[%clk
1:07:22]} 53.Rh2+ {[%clk 0:26:12]} 53...Kc1 {[%clk 1:06:54]} 54.Rb2 {[%clk
0:25:24]} 54...axb3+ {[%clk 1:07:18]} 55.Rxb3 {[%clk 0:25:51]} 55...Kc2 {[%clk
1:06:56]} 56.Ka1 {[%clk 0:26:04]} 56...Kxb3 {[%clk 1:07:19]} 0-1

[Event "Najdorf Memorial"]
[Site "Warsaw POL"]
[Date "2021.07.13"]
[Round "4.12"]
[White "Seemann, Jakub"]
[Black "Kokoszczynski, Jan"]
[Result "1/2-1/2"]
[WhiteElo "2300"]
[BlackElo "2219"]
[EventDate "2021.07.10"]
[PlyCount "36"]
[LiveChessVersion "1.4.8"]

1.e4 {[%clk 1:30:56]} 1...e5 {[%clk 1:30:44]} 2.Nf3 {[%clk 1:31:19]} 2...Nc6
{[%clk 1:31:09]} 3.Bb5 {[%clk 1:31:32]} 3...Bc5 {[%clk 1:31:24]} 4.O-O {[%clk
1:30:32]} 4...Nd4 {[%clk 1:30:40]} 5.Nxd4 {[%clk 1:29:46]} 5...Bxd4 {[%clk
1:31:03]} 6.c3 {[%clk 1:29:59]} 6...Bb6 {[%clk 1:31:29]} 7.d4 {[%clk 1:30:11]}
7...c6 {[%clk 1:31:20]} 8.Ba4 {[%clk 1:20:12]} 8...d6 {[%clk 1:30:05]} 9.Qe2
{[%clk 1:01:17]} 9...Nf6 {[%clk 1:23:00]} 10.Bg5 {[%clk 0:51:16]} 10...h6
{[%clk 1:21:15]} 11.Bh4 {[%clk 0:51:27]} 11...Qe7 {[%clk 1:12:42]} 12.Nd2
{[%clk 0:40:13]} 12...O-O {[%clk 0:49:56]} 13.dxe5 {[%clk 0:38:29]} 13...dxe5
{[%clk 0:48:37]} 14.Nc4 {[%clk 0:38:55]} 14...Bc7 {[%clk 0:43:55]} 15.Bc2
{[%clk 0:38:50]} 15...Re8 {[%clk 0:42:22]} 16.Ne3 {[%clk 0:36:30]} 16...g6
{[%clk 0:39:58]} 17.Rad1 {[%clk 0:27:07]} 17...Kg7 {[%clk 0:39:02]} 18.Qf3
{[%clk 0:16:38]} 18...Be6 {[%clk 0:34:57]} 1/2-1/2

[Event "Najdorf Memorial"]
[Site "Warsaw POL"]
[Date "2021.07.13"]
[Round "4.13"]
[White "Paszewski, Mateusz"]
[Black "Chomczyk, Marek"]
[Result "0-1"]
[WhiteElo "2280"]
[BlackElo "2194"]
[EventDate "2021.07.10"]
[PlyCount "72"]
[LiveChessVersion "1.4.8"]

1.e4 {[%clk 1:30:51]} 1...c6 {[%clk 1:30:49]} 2.d4 {[%clk 1:29:04]} 2...d5
{[%clk 1:31:13]} 3.exd5 {[%clk 1:29:28]} 3...cxd5 {[%clk 1:31:33]} 4.Bd3 {[%clk
1:29:27]} 4...Nc6 {[%clk 1:31:34]} 5.c3 {[%clk 1:27:13]} 5...Qc7 {[%clk
1:31:54]} 6.h3 {[%clk 1:22:03]} 6...g6 {[%clk 1:32:02]} 7.Nf3 {[%clk 1:16:43]}
7...Bf5 {[%clk 1:32:21]} 8.O-O {[%clk 1:17:00]} 8...e6 {[%clk 1:20:08]} 9.Re1
{[%clk 1:14:28]} 9...Bd6 {[%clk 1:18:15]} 10.Bf1 {[%clk 0:34:24]} 10...h5
{[%clk 1:15:20]} 11.Nbd2 {[%clk 0:32:13]} 11...Nf6 {[%clk 1:09:55]} 12.Qe2
{[%clk 0:18:59]} 12...O-O-O {[%clk 0:57:59]} 13.b4 {[%clk 0:13:12]} 13...Kb8
{[%clk 0:54:45]} 14.Ne5 {[%clk 0:10:02]} 14...Rc8 {[%clk 0:27:16]} 15.b5 {[%clk
0:08:28]} 15...Na5 {[%clk 0:27:24]} 16.Bb2 {[%clk 0:08:32]} 16...g5 {[%clk
0:25:17]} 17.g3 {[%clk 0:08:19]} 17...Ne4 {[%clk 0:25:18]} 18.Rac1 {[%clk
0:06:03]} 18...Nxd2 {[%clk 0:24:45]} 19.Qxd2 {[%clk 0:06:32]} 19...f6 {[%clk
0:24:52]} 20.b6 {[%clk 0:01:13]} 20...axb6 {[%clk 0:24:54]} 21.c4 {[%clk
0:01:16]} 21...fxe5 {[%clk 0:17:41]} 22.cxd5 {[%clk 0:01:15]} 22...Qe7 {[%clk
0:17:46]} 23.dxe5 {[%clk 0:00:55]} 23...Bb4 {[%clk 0:18:01]} 24.Bc3 {[%clk
0:01:20]} 24...Rxc3 {[%clk 0:17:17]} 25.Rxc3 {[%clk 0:01:49]} 25...Qc5 {[%clk
0:15:17]} 26.Rec1 {[%clk 0:01:43]} 26...Bxc3 {[%clk 0:15:42]} 27.Rxc3 {[%clk
0:02:11]} 27...Qxd5 {[%clk 0:16:03]} 28.Qxg5 {[%clk 0:02:38]} 28...Qxe5 {[%clk
0:16:00]} 29.Re3 {[%clk 0:03:02]} 29...Qc5 {[%clk 0:16:07]} 30.Bg2 {[%clk
0:03:16]} 30...Ka7 {[%clk 0:15:47]} 31.Kh2 {[%clk 0:02:47]} 31...Qd4 {[%clk
0:15:27]} 32.Bf3 {[%clk 0:02:47]} 32...Nc4 {[%clk 0:14:26]} 33.Qe7 {[%clk
0:03:01]} 33...Rh7 {[%clk 0:14:33]} 34.Qb4 {[%clk 0:03:10]} 34...Rd7 {[%clk
0:13:42]} 35.Rc3 {[%clk 0:02:35]} 35...Qxf2+ {[%clk 0:13:23]} 36.Bg2 {[%clk
0:03:02]} 36...Be4 {[%clk 0:12:59]} 0-1

[Event "Najdorf Memorial"]
[Site "Warsaw POL"]
[Date "2021.07.13"]
[Round "4.14"]
[White "Czopor, Maciej"]
[Black "Kaminski, Maciej"]
[Result "1-0"]
[WhiteElo "2279"]
[BlackElo "1845"]
[EventDate "2021.07.10"]
[PlyCount "115"]
[LiveChessVersion "1.4.8"]

1.e4 {[%clk 1:30:54]} 1...c5 {[%clk 1:30:35]} 2.Nf3 {[%clk 1:31:20]} 2...Nc6
{[%clk 1:30:46]} 3.d4 {[%clk 1:31:46]} 3...cxd4 {[%clk 1:31:11]} 4.Nxd4 {[%clk
1:32:14]} 4...Nf6 {[%clk 1:31:31]} 5.Nc3 {[%clk 1:32:42]} 5...e5 {[%clk
1:31:30]} 6.Ndb5 {[%clk 1:32:53]} 6...d6 {[%clk 1:31:48]} 7.Bg5 {[%clk 1:28:46]}
7...a6 {[%clk 1:31:12]} 8.Na3 {[%clk 1:29:13]} 8...b5 {[%clk 1:31:27]} 9.Nd5
{[%clk 1:29:32]} 9...Be7 {[%clk 1:31:39]} 10.Bxf6 {[%clk 1:29:59]} 10...Bxf6
{[%clk 1:32:00]} 11.c4 {[%clk 1:29:21]} 11...b4 12.Nc2 {[%clk 1:29:48]}
12...O-O {[%clk 1:32:43]} 13.g3 {[%clk 1:28:59]} 13...a5 {[%clk 1:32:38]}
14.Qd3 {[%clk 1:27:10]} 14...Bg5 {[%clk 1:29:33]} 15.h4 {[%clk 1:26:09]}
15...Bh6 {[%clk 1:29:32]} 16.Bh3 {[%clk 1:26:31]} 16...Bxh3 {[%clk 1:10:49]}
17.Rxh3 {[%clk 1:26:53]} 17...f5 {[%clk 1:11:14]} 18.Kf1 {[%clk 1:21:28]}
18...fxe4 {[%clk 1:04:34]} 19.Qxe4 {[%clk 1:21:36]} 19...Ra7 {[%clk 1:04:57]}
20.g4 {[%clk 1:15:37]} 20...Raf7 {[%clk 1:00:07]} 21.f3 {[%clk 1:16:00]}
21...Qc8 {[%clk 0:59:18]} 22.Kg2 {[%clk 1:15:29]} 22...Bf4 {[%clk 0:53:21]}
23.Rd1 {[%clk 1:04:04]} 23...Nd8 {[%clk 0:46:28]} 24.Ne1 {[%clk 0:57:40]}
24...Ne6 {[%clk 0:43:43]} 25.Nd3 {[%clk 0:57:24]} 25...Nc5 {[%clk 0:40:41]}
26.Nxc5 {[%clk 0:57:30]} 26...Qxc5 {[%clk 0:41:03]} 27.Rhh1 {[%clk 0:51:55]}
27...a4 {[%clk 0:32:51]} 28.Rd3 {[%clk 0:49:36]} 28...Rc8 {[%clk 0:31:26]}
29.b3 {[%clk 0:49:49]} 29...axb3 {[%clk 0:30:19]} 30.axb3 {[%clk 0:50:14]}
30...Ra7 {[%clk 0:25:23]} 31.Nxf4 {[%clk 0:46:02]} 31...exf4 {[%clk 0:25:44]}
32.Qe6+ {[%clk 0:28:47]} 32...Kh8 {[%clk 0:17:25]} 33.Qxd6 {[%clk 0:28:53]}
33...Ra2+ {[%clk 0:12:31]} 34.Kh3 {[%clk 0:29:18]} 34...Qxd6 {[%clk 0:10:38]}
35.Rxd6 {[%clk 0:29:42]} 35...Rf2 {[%clk 0:11:04]} 36.Rd3 {[%clk 0:29:34]}
36...h6 {[%clk 0:08:44]} 37.g5 {[%clk 0:29:18]} 37...h5 {[%clk 0:06:17]} 38.g6
{[%clk 0:29:45]} 38...Kg8 {[%clk 0:06:23]} 39.Re1 {[%clk 0:29:48]} 39...Kf8
{[%clk 0:04:34]} 40.Re4 {[%clk 0:59:35]} 40...Ra8 {[%clk 0:33:34]} 41.Rxf4+
{[%clk 0:59:42]} 41...Ke7 {[%clk 0:33:25]} 42.Rf7+ {[%clk 0:50:58]} 42...Ke6
{[%clk 0:33:23]} 43.Re3+ {[%clk 0:51:16]} 43...Kd6 {[%clk 0:33:47]} 44.Kg3
{[%clk 0:50:15]} 44...Raa2 {[%clk 0:33:16]} 45.Rxg7 {[%clk 0:50:25]} 45...Rh2
{[%clk 0:32:23]} 46.Rg8 {[%clk 0:45:06]} 46...Rag2+ {[%clk 0:31:32]} 47.Kf4
{[%clk 0:45:33]} 47...Rxh4+ {[%clk 0:31:55]} 48.Kf5 {[%clk 0:46:00]} 48...Rh3
{[%clk 0:31:46]} 49.Re6+ {[%clk 0:40:41]} 49...Kc5 {[%clk 0:31:31]} 50.Rd8
{[%clk 0:40:48]} 50...Rxf3+ {[%clk 0:25:15]} 51.Ke4 {[%clk 0:41:12]} 51...Re2+
{[%clk 0:20:41]} 52.Kxf3 {[%clk 0:41:36]} 52...Rxe6 {[%clk 0:21:08]} 53.g7
{[%clk 0:42:00]} 53...Rg6 {[%clk 0:21:32]} 54.g8=Q {[%clk 0:42:24]} 54...Rxg8
{[%clk 0:21:59]} 55.Rxg8 {[%clk 0:42:49]} 55...Kd4 {[%clk 0:22:26]} 56.Rh8
{[%clk 0:42:45]} 56...Kc3 {[%clk 0:22:49]} 57.c5 {[%clk 0:43:12]} 57...Kxb3
{[%clk 0:23:15]} 58.c6 {[%clk 0:43:39]} 1-0

[Event "Najdorf Memorial"]
[Site "Warsaw POL"]
[Date "2021.07.13"]
[Round "4.15"]
[White "Tomczak, Jacek"]
[Black "Sowul, Bartosz"]
[Result "1-0"]
[WhiteElo "2603"]
[BlackElo "2186"]
[EventDate "2021.07.10"]
[PlyCount "105"]
[LiveChessVersion "1.4.8"]

1.d4 {[%clk 1:30:56]} 1...Nf6 {[%clk 1:30:38]} 2.c4 {[%clk 1:31:14]} 2...c5
{[%clk 1:31:05]} 3.d5 {[%clk 1:31:12]} 3...b5 {[%clk 1:31:31]} 4.cxb5 {[%clk
1:31:26]} 4...a6 {[%clk 1:31:57]} 5.bxa6 {[%clk 1:31:36]} 5...g6 {[%clk
1:32:21]} 6.Nc3 {[%clk 1:31:26]} 6...Bg7 {[%clk 1:32:46]} 7.a7 {[%clk 1:31:27]}
7...Rxa7 {[%clk 1:32:15]} 8.e4 {[%clk 1:31:41]} 8...O-O {[%clk 1:32:07]} 9.Nf3
{[%clk 1:31:38]} 9...e6 {[%clk 1:32:04]} 10.Be2 {[%clk 1:32:01]} 10...exd5
{[%clk 1:32:16]} 11.e5 {[%clk 1:32:25]} 11...Ne4 {[%clk 1:32:25]} 12.Nxd5
{[%clk 1:32:17]} 12...Qa5+ {[%clk 1:32:21]} 13.Nd2 {[%clk 1:32:27]} 13...Bb7
{[%clk 1:30:32]} 14.Bc4 {[%clk 1:31:27]} 14...Bxd5 {[%clk 1:03:12]} 15.Bxd5
{[%clk 1:31:31]} 15...Nxd2 {[%clk 1:03:37]} 16.Bxd2 {[%clk 1:31:51]} 16...Qb5
{[%clk 1:03:54]} 17.Bc3 {[%clk 1:04:31]} 17...d6 {[%clk 0:44:21]} 18.Qe2 {[%clk
0:56:50]} 18...Qxe2+ {[%clk 0:44:12]} 19.Kxe2 {[%clk 0:57:17]} 19...Re8 {[%clk
0:44:27]} 20.Rhe1 {[%clk 0:49:10]} 20...Bxe5 {[%clk 0:37:01]} 21.Kf1 {[%clk
0:46:49]} 21...Kf8 {[%clk 0:36:00]} 22.Bxe5 {[%clk 0:44:22]} 22...dxe5 {[%clk
0:36:03]} 23.Rac1 {[%clk 0:41:35]} 23...Na6 {[%clk 0:35:30]} 24.a3 {[%clk
0:40:40]} 24...f6 {[%clk 0:33:59]} 25.Bc4 {[%clk 0:29:59]} 25...Nc7 {[%clk
0:27:51]} 26.Rcd1 {[%clk 0:26:51]} 26...Ra4 {[%clk 0:14:53]} 27.b3 {[%clk
0:27:02]} 27...Rxa3 {[%clk 0:13:14]} 28.Rd6 {[%clk 0:27:15]} 28...Re7 {[%clk
0:11:56]} 29.Rxf6+ {[%clk 0:27:04]} 29...Kg7 {[%clk 0:12:20]} 30.Rc6 {[%clk
0:27:01]} 30...Ra5 {[%clk 0:12:28]} 31.g4 {[%clk 0:20:14]} 31...g5 {[%clk
0:05:54]} 32.h4 {[%clk 0:17:39]} 32...gxh4 {[%clk 0:04:46]} 33.f4 {[%clk
0:17:59]} 33...e4 {[%clk 0:03:12]} 34.f5 {[%clk 0:16:32]} 34...Ne8 {[%clk
0:03:24]} 35.g5 {[%clk 0:16:21]} 35...Re5 {[%clk 0:03:23]} 36.f6+ {[%clk
0:16:12]} 36...Kf8 {[%clk 0:03:22]} 37.f7 {[%clk 0:15:30]} 37...Rf5+ {[%clk
0:03:34]} 38.Kg1 {[%clk 0:15:48]} 38...Rxg5+ {[%clk 0:01:06]} 39.Kh1 {[%clk
0:15:25]} 39...Ra8 {[%clk 0:01:03]} 40.fxe8=Q+ {[%clk 0:45:37]} 40...Rxe8
{[%clk 0:31:26]} 41.Rh6 {[%clk 0:44:45]} 41...Kg7 {[%clk 0:21:32]} 42.Rxh4
{[%clk 0:45:05]} 42...Rge5 {[%clk 0:21:41]} 43.Rg1+ {[%clk 0:43:42]} 43...Kf6
{[%clk 0:12:34]} 44.Rxh7 {[%clk 0:42:50]} 44...Rf5 {[%clk 0:12:15]} 45.Rd1
{[%clk 0:32:50]} 45...Kg5 {[%clk 0:07:59]} 46.Kg2 {[%clk 0:32:09]} 46...Ree5
{[%clk 0:00:52]} 47.Rg7+ {[%clk 0:31:09]} 47...Kf4 {[%clk 0:01:04]} 48.Kf2
{[%clk 0:30:45]} 48...Re8 {[%clk 0:00:34]} 49.Ke2 {[%clk 0:30:46]} 49...Rh5
{[%clk 0:00:37]} 50.Rf7+ {[%clk 0:30:54]} 50...Kg3 {[%clk 0:00:57]} 51.Ke3
{[%clk 0:30:33]} 51...Rh3 {[%clk 0:00:52]} 52.Bf1 {[%clk 0:30:57]} 52...Rh5
{[%clk 0:00:59]} 53.Rd2 {[%clk 0:31:09]} 1-0

[Event "Najdorf Memorial"]
[Site "Warsaw POL"]
[Date "2021.07.13"]
[Round "4.16"]
[White "Chatalbashev, Boris"]
[Black "Kubicka, Anna"]
[Result "1-0"]
[WhiteElo "2530"]
[BlackElo "2210"]
[EventDate "2021.07.10"]
[PlyCount "59"]
[LiveChessVersion "1.4.8"]

1.d4 {[%clk 1:30:56]} 1...Nf6 {[%clk 1:30:52]} 2.Nf3 {[%clk 1:31:12]} 2...e6
{[%clk 1:31:06]} 3.c4 {[%clk 1:31:34]} 3...d5 {[%clk 1:31:31]} 4.Bg5 {[%clk
1:31:44]} 4...dxc4 {[%clk 1:31:47]} 5.Qa4+ {[%clk 1:31:26]} 5...Nbd7 {[%clk
1:32:09]} 6.e3 {[%clk 1:30:31]} 6...Be7 {[%clk 1:31:38]} 7.Bxc4 {[%clk 1:29:35]}
7...O-O {[%clk 1:32:01]} 8.Qc2 {[%clk 1:24:52]} 8...a6 {[%clk 1:31:26]} 9.O-O
{[%clk 1:24:54]} 9...c5 {[%clk 1:27:48]} 10.dxc5 {[%clk 1:24:08]} 10...Nxc5
{[%clk 1:26:24]} 11.Rd1 {[%clk 1:21:51]} 11...Qa5 {[%clk 1:14:06]} 12.Nbd2
{[%clk 1:09:46]} 12...h6 {[%clk 1:06:36]} 13.Bh4 {[%clk 1:07:40]} 13...b5
{[%clk 0:48:16]} 14.Be2 {[%clk 1:07:54]} 14...g5 {[%clk 0:47:48]} 15.Nxg5
{[%clk 0:53:56]} 15...hxg5 {[%clk 0:47:59]} 16.Bxg5 {[%clk 0:54:23]} 16...Qb6
{[%clk 0:42:33]} 17.Bf3 {[%clk 0:49:32]} 17...Bb7 {[%clk 0:39:26]} 18.Bxb7
{[%clk 0:45:42]} 18...Nxb7 {[%clk 0:39:50]} 19.Ne4 {[%clk 0:45:39]} 19...Nxe4
{[%clk 0:31:51]} 20.Bxe7 {[%clk 0:46:02]} 20...Rfe8 {[%clk 0:32:14]} 21.Qxe4
{[%clk 0:41:10]} 21...Rxe7 {[%clk 0:32:16]} 22.Qg4+ {[%clk 0:41:28]} 22...Kf8
{[%clk 0:30:54]} 23.Qh4 {[%clk 0:41:54]} 23...f5 {[%clk 0:03:50]} 24.Qh8+
{[%clk 0:41:30]} 24...Kf7 {[%clk 0:04:17]} 25.Qxa8 {[%clk 0:41:12]} 25...Re8
{[%clk 0:03:49]} 26.Rd7+ {[%clk 0:41:32]} 26...Re7 {[%clk 0:04:18]} 27.Rad1
{[%clk 0:41:10]} 27...Qc6 {[%clk 0:04:13]} 28.Rxe7+ {[%clk 0:41:05]} 28...Kxe7
{[%clk 0:04:40]} 29.h4 {[%clk 0:41:13]} 29...Nd6 {[%clk 0:05:04]} 30.Qxc6
{[%clk 0:41:01]} 1-0

[Event "Najdorf Memorial"]
[Site "Warsaw POL"]
[Date "2021.07.13"]
[Round "4.17"]
[White "Siwiec, Arkadiusz"]
[Black "Romanishin, Oleg M"]
[Result "0-1"]
[WhiteElo "2206"]
[BlackElo "2404"]
[EventDate "2021.07.10"]
[PlyCount "52"]
[LiveChessVersion "1.4.8"]

1.e4 {[%clk 1:30:59]} 1...e5 {[%clk 1:29:26]} 2.Nf3 {[%clk 1:31:16]} 2...Nc6
{[%clk 1:29:54]} 3.Bb5 {[%clk 1:31:41]} 3...a6 {[%clk 1:30:20]} 4.Ba4 {[%clk
1:32:09]} 4...Nf6 {[%clk 1:30:42]} 5.O-O {[%clk 1:32:37]} 5...Be7 {[%clk
1:31:07]} 6.Re1 {[%clk 1:33:03]} 6...b5 {[%clk 1:30:41]} 7.Bb3 {[%clk 1:33:29]}
7...d6 {[%clk 1:31:05]} 8.c3 {[%clk 1:33:48]} 8...O-O {[%clk 1:31:27]} 9.h3
{[%clk 1:34:09]} 9...Na5 {[%clk 1:29:24]} 10.Bc2 {[%clk 1:34:32]} 10...c5
{[%clk 1:29:49]} 11.d4 {[%clk 1:34:58]} 11...Nd7 {[%clk 1:29:42]} 12.Nbd2
{[%clk 1:33:55]} 12...cxd4 {[%clk 1:30:04]} 13.cxd4 {[%clk 1:34:21]} 13...Nc6
{[%clk 1:30:30]} 14.Nf1 {[%clk 1:29:53]} 14...exd4 {[%clk 1:30:10]} 15.Nxd4
{[%clk 1:27:08]} 15...Nxd4 {[%clk 1:30:32]} 16.Qxd4 {[%clk 1:27:34]} 16...Ne5
{[%clk 1:30:51]} 17.f4 {[%clk 1:10:19]} 17...Nc6 {[%clk 1:29:40]} 18.Qd2 {[%clk
1:09:05]} 18...Be6 {[%clk 1:10:24]} 19.Ne3 {[%clk 1:07:25]} 19...Rc8 {[%clk
1:09:55]} 20.Nd5 {[%clk 0:33:16]} 20...Bh4 {[%clk 1:03:02]} 21.Re3 {[%clk
0:21:16]} 21...Nd4 {[%clk 0:55:07]} 22.Bd1 {[%clk 0:14:58]} 22...Bxd5 {[%clk
0:54:08]} 23.Qxd4 {[%clk 0:15:24]} 23...Bb7 {[%clk 0:54:22]} 24.Rb1 {[%clk
0:08:33]} 24...Rc4 {[%clk 0:49:47]} 25.Qd3 {[%clk 0:08:27]} 25...Qb6 {[%clk
0:48:51]} 26.Kf1 {[%clk 0:05:55]} 26...Bxe4 {[%clk 0:48:11]} 0-1